| 000 | 00553nam a2200193Ia 4500 | ||
|---|---|---|---|
| 008 | 150610s9999 xx 000 0 und d | ||
| 020 | _a9780316032544 | ||
| 050 |
_aPZ7 _b.M57188n 2006 |
||
| 100 | _aMeyer, Stephenie | ||
| 245 |
_aNew moon / _cStephenie Meyer. |
||
| 250 | _a1st ed. | ||
| 260 |
_aNew York : _bLittle, Brown and Co., _c2006. |
||
| 300 |
_a563pages ; _c21 cm. |
||
| 520 | _aFiction. | ||
| 650 |
_aHigh schools _xFiction. |
||
| 650 |
_aSchools _bFiction. |
||
| 650 |
_aWashington (State) _bFiction. |
||
| 650 |
_aWerewolves _xFiction. |
||
| 999 |
_c287863 _d287863 |
||